000 00326nam a22001457a 4500
003 SGT
082 _a615.1
_bC01C
100 _aCHITKARA, H.L.
245 _aCOMPREHENSIVE HOMOEOPATHIC MATERIA MEDICA-MIND
250 _a4TH
260 _aINDIA
_bB.JAIN PUB
_c2001
300 _a692
650 _aHOMOEOPATHIC
942 _2ddc
_cBK
999 _c20455
_d20455